| 000 | 00429nam a22001931a 4500 | ||
|---|---|---|---|
| 001 | 7245 | ||
| 003 | OSt | ||
| 005 | 20260204212124.0 | ||
| 008 | 070307s1992||||mx ||||||b||||||||||spa|| | ||
| 020 | _a970100089 | ||
| 050 | _a540 C362q | ||
| 100 | _aChang, Raymond | ||
| 245 | _aQuímica / Raymond Chang | ||
| 250 | _a4 | ||
| 264 | _aMéxico : McGraw-Hill | ||
| 300 | _a1064 p | ||
| 650 | _aQuímica I-til.Ì | ||
| 942 |
_2ddc _cBK |
||
| 999 |
_c7245 _d7245 |
||